| 000 | 00897nam a2200241 a 4500 | ||
|---|---|---|---|
| 001 | 000013985 | ||
| 005 | 20260520104305.0 | ||
| 008 | 091202s2001 dr 000 0 spa d | ||
| 020 | _a8489752508 | ||
| 040 |
_aDO-SdBNP _bspa _cBNPHU |
||
| 082 |
_a327.2 _bR426cur |
||
| 110 | 1 |
_aSecretaría de Estado de relaciones Exteriores _bEscuela Diplomática y Consular _931652 |
|
| 245 | 1 | 0 |
_aCurso de actualización diplomática y consular para funcionarios designados en el servicio exterio. / _cCordinación Ada Hernández. |
| 260 |
_aSanto Domingo : _bManatí, _c2001. |
||
| 300 |
_a208 p. ; _c23 cm. |
||
| 490 | 1 |
_aCursos Especializados _v3 |
|
| 650 | 0 |
_aDiplomacia _9398 |
|
| 650 | 0 |
_aRelaciones internacionales _9399 |
|
| 650 | 4 |
_aServicios diplomáticos y consular _zRepública Dominicana _931653 |
|
| 700 | 1 |
_aHernández, Ada _922510 |
|
| 830 | 0 |
_aCurso Especializado _v3 _931654 |
|
| 049 | _aBNPD | ||
| 999 |
_c13589 _d13589 |
||